| 000 | 00453nam a2200157 a 4500 | ||
|---|---|---|---|
| 001 | 2716 | ||
| 003 | CDMR | ||
| 005 | 20130529133418.0 | ||
| 008 | 130130s1987||||||||||||||||||||||||||||d | ||
| 040 |
_aCDMR _bcat _cCDMR |
||
| 100 | 1 |
_aGonzález Bedoya, Jesús _92040 |
|
| 245 | 1 | 0 |
_aManual de deontología informativa _b: periodismo, medios audiovisuales, publicidad |
| 260 |
_aMadrid _c1987 _bAlhambra |
||
| 650 | 0 | 4 |
_9983 _aÈtica periodística |
| 942 |
_cMON _2udc |
||
| 999 |
_c2716 _d2716 |
||